| 000 | 00404 a2200133 4500 | ||
|---|---|---|---|
| 001 | 90932 | ||
| 082 | _aPR 1019 | ||
| 090 |
_c43065 _d43065 |
||
| 100 | _aNoor-ul-Qadir; Prof S.J. Raza (Advisor) | ||
| 245 |
_aPressure distribution in C-D. Nozzle of C&E 2"x2" supersonic Tunnel _n31st 'A' EC |
||
| 260 |
_aKarachi _bNED University _c1990 |
||
| 300 |
_av;60p _bTermite Effected |
||
| 500 | _aBE Projct Reports | ||
| 942 |
_aCAE Nust _kPR 1019 |
||
| 999 |
_c326005 _d326005 |
||